The social dimensions of early Buddhism / (Record no. 325)
[ view plain ]
| 000 -LEADER | |
|---|---|
| fixed length control field | 00632cam a2200217 a 4500 |
| 001 - CONTROL NUMBER | |
| control field | 3379681 |
| 005 - DATE AND TIME OF LATEST TRANSACTION | |
| control field | 20240208004404.0 |
| 008 - FIXED-LENGTH DATA ELEMENTS--GENERAL INFORMATION | |
| fixed length control field | 880303s1987 ii b 001 0 eng c |
| 020 ## - INTERNATIONAL STANDARD BOOK NUMBER | |
| ISBN | 195620690 |
| 040 ## - CATALOGING SOURCE (பட்டியலாக்க மூலம்) | |
| Original cataloging agency | DLC/MH |
| Transcribing agency | MH |
| Modifying agency | DLC |
| 082 ## - DDC Classification | |
| DDC Edition Number | 22 |
| Class No. | 306.6 |
| Item Number - Author Mark | UMA. |
| 100 1# - MAIN ENTRY--PERSONAL NAME | |
| Personal name | Chakravarti, Uma. |
| 245 14 - TITLE STATEMENT | |
| Title | The social dimensions of early Buddhism / |
| Statement of responsibility, etc. | Uma Chakravarti. |
| 260 ## - PUBLICATION, DISTRIBUTION, ETC. | |
| Place of publication, distribution, etc. | Delhi ; |
| -- | New York : |
| Name of publisher, distributor, etc. | Oxford University Press, |
| Date of publication, distribution, etc. | 1987. |
| 300 ## - PHYSICAL DESCRIPTION | |
| Extent (e.g. Volumes, Pages etc.) | xii, 238 p. ; |
| 500 ## - GENERAL NOTE | |
| General note | Includes indexes. |
| 650 #0 - SUBJECT ADDED ENTRY--TOPICAL TERM | |
| Topical term or geographic name entry element | Buddhism |
| 650 #0 - SUBJECT ADDED ENTRY--TOPICAL TERM | |
| Topical term or geographic name entry element | Buddhism |
| 856 42 - ELECTRONIC LOCATION AND ACCESS | |
| Uniform Resource Identifier | <a href="http://www.loc.gov/catdir/enhancements/fy0638/87900036-d.html">http://www.loc.gov/catdir/enhancements/fy0638/87900036-d.html</a> |
| 942 ## - Koha item type (Biblio) | |
| Koha item type | Books in Stacks (Lending) |
| Lost status | Damaged status | Collection code | Home library | Current library | Date acquired | Full call number | Accession Number | Item type |
|---|---|---|---|---|---|---|---|---|
| Lending | WERC Library | WERC Library | 02/08/2024 | 306.6 UMA. | 612. | Books in Stacks (Lending) |
